000 00707nam a2200181Ia 4500
008 100921s9999 xx 000 0 und d
082 _b39843
_a891.463 न 05
100 _aचेस जेम्स हॅडली ,अनु.हुद्दार मधुकर.
245 _aबॉटल नेक मर्डर.
260 _bमंगल दीप प्रकाशन, पुणे.
_c2005
300 _a192
_bस्वरदा बुक्स
365 _b190
520 _aललित-कादंबरी.
630 _aबॉटल नेक मर्डर.
650 _aललित-कादंबरी.
730 _aबॉटल नेक मर्डर.
942 _cBOOK
999 _c788956
_d788953